Normal view
MARC view
- Political refugees. Cambodia - History 1975-1979. -- Cambodia
Entry Topical Term
001 - CONTROL NUMBER
- control field: 87145
003 - CONTROL NUMBER IDENTIFIER
- control field: OSt
005 - DATE AND TIME OF LATEST TRANSACTION
- control field: 20260128091231.0
008 - FIXED-LENGTH DATA ELEMENTS
- fixed length control field: 260128|| aca||aabn | a|a d
040 ## - CATALOGING SOURCE
- Original cataloging agency: OSt
- Transcribing agency: OSt
150 ## - HEADING--TOPICAL TERM
- Topical term or geographic name as entry element: Political refugees. Cambodia - History 1975-1979. -- Cambodia
670 ## - SOURCE DATA FOUND
- Source citation: Work cat.: (OSt)50119: (Khmer) Stay alive my son /, 2022.